Maritime transportation : (Record no. 2812)
[ view plain ]
| 000 -LEADER | |
|---|---|
| fixed length control field | 02752nam a2200361 a 4500 |
| 006 - FIXED-LENGTH DATA ELEMENTS--ADDITIONAL MATERIAL CHARACTERISTICS--GENERAL INFORMATION | |
| fixed length control field | m |o go|ad |
| 007 - PHYSICAL DESCRIPTION FIXED FIELD--GENERAL INFORMATION | |
| fixed length control field | cr ||||||||||| |
| 008 - FIXED-LENGTH DATA ELEMENTS--GENERAL INFORMATION | |
| fixed length control field | 220614s2022 enk ob 001 0 eng d |
| 020 ## - INTERNATIONAL STANDARD BOOK NUMBER | |
| Qualifying information | (ebook) |
| International Standard Book Number | 9781003055464 |
| 040 ## - CATALOGING SOURCE | |
| Original cataloging agency | IMU Kochi Library |
| Language of cataloging | eng |
| 041 0# - LANGUAGE CODE | |
| Language code of text/sound track or separate title | eng |
| 082 00 - DEWEY DECIMAL CLASSIFICATION NUMBER | |
| Classification number | 623.888 |
| Edition number | 23 |
| 100 1# - MAIN ENTRY--PERSONAL NAME | |
| Personal name | Haugen, Stein, |
| 245 10 - TITLE STATEMENT | |
| Title | Maritime transportation : |
| Sub Title | safety management and risk analysis / |
| 250 ## - EDITION STATEMENT | |
| Edition statement | Second edition. |
| 264 #1 - Production, Publication, Distribution, Manufacture, and Copyright Notice | |
| Place of production, publication, distribution, manufacture | London : |
| Name of producer, publisher, distributor, manufacturer | Routledge, |
| Date of production, publication or copyright notice | 2023. |
| 300 ## - PHYSICAL DESCRIPTION | |
| Extent | 1 online resource |
| 504 ## - BIBLIOGRAPHY, ETC. NOTE | |
| Bibliography, etc | Includes bibliographical references and index. |
| 505 0# - FORMATTED CONTENTS NOTE | |
| Formatted contents note | Introduction -- The risk picture -- Terminology -- Stakeholders, Rules and regulations -- Safety Management System -- Risk Acceptance -- Human and Organizational factor -- Risk Analysis Methods -- Measuring risk -- Methods for navigational risk analysis -- Human reliability analysis -- Formal safety assessment -- Security -- Accident data -- Risk Reduction measures -- Emergency Preparedness and Response -- Risk-based design -- Monitoring Risk Level -- Learning from Accidents and Incidents. |
| 520 ## - SUMMARY, ETC. | |
| Summary, etc | "The environmental and human costs of marine accidents are high, and risks are considerable. At the same time, expectations from society to the safety of maritime transportation, like most other activities, increases continuously. To meet these expectations, systematic methods for understanding and managing the risks in a cost-efficient manner are needed. This book provides readers with an understanding of how to approach this problem. Firmly set within the context of the maritime industry, systematic methods for safety management and risk assessment are described. The legal framework and the risk picture within the maritime industry provide necessary context. Safety management is a continuous and wide-ranging process, with a set of methods and tools to support the process. The book provides guidance on how to approach safety management, with many examples from the maritime industry to illustrate practical use. This extensively revised new edition addresses the needs of students and professionals working in shipping management, ship design and naval architecture, and transport management, as well as safety management, insurance, and accident investigation"-- |
| 650 #0 - SUBJECT ADDED ENTRY--TOPICAL TERM | |
| Topical term or geographic name as entry element | Navigation |
| General subdivision | Safety measures. |
| 650 #0 - SUBJECT ADDED ENTRY--TOPICAL TERM | |
| Topical term or geographic name as entry element | Navigation |
| General subdivision | Risk assessment. |
| 650 #0 - SUBJECT ADDED ENTRY--TOPICAL TERM | |
| Topical term or geographic name as entry element | Shipping |
| General subdivision | Safety measures. |
| 650 #0 - SUBJECT ADDED ENTRY--TOPICAL TERM | |
| Topical term or geographic name as entry element | Shipping |
| General subdivision | Risk assessment. |
| 650 #0 - SUBJECT ADDED ENTRY--TOPICAL TERM | |
| Topical term or geographic name as entry element | Ships |
| General subdivision | Safety measures. |
| 650 #0 - SUBJECT ADDED ENTRY--TOPICAL TERM | |
| Topical term or geographic name as entry element | Ships |
| General subdivision | Safety regulations. |
| 700 1# - ADDED ENTRY--PERSONAL NAME | |
| Personal name | Kristiansen, Svein, |
| Dates associated with a name | 1942- |
| Relator term | Joint Author |
| 852 ## - LOCATION/CALL NUMBER | |
| Location | IMU Kochi Library |
| 856 40 - ELECTRONIC LOCATION AND ACCESS | |
| Uniform Resource Identifier | <a href="http://www.taylorfrancis.com/books/9781003055464">http://www.taylorfrancis.com/books/9781003055464</a> |
| 904 ## - LOCAL DATA ELEMENT D, LDD (RLIN) | |
| CATALOGER | Rudra Ranjan |
| 905 ## - LOCAL DATA ELEMENT E, LDE (RLIN) | |
| VERIFIER | Rudra Ranjan |
| 942 ## - ADDED ENTRY ELEMENTS (KOHA) | |
| Item type | E-Book |
No items available.